Japan quarterly 1Q 2009 (Record no. 109433)

MARC details
000 -LEADER
fixed length control field 01156cad a22002415a 4500
001 - CONTROL NUMBER
control field E147001
008 - FIXED-LENGTH DATA ELEMENTS--GENERAL INFORMATION
fixed length control field 090327s2009 xxud f 000 0 eng d
035 ## - SYSTEM CONTROL NUMBER
System control number (Sirsi) u147075
041 0# - LANGUAGE CODE
Language code of text/sound track or separate title eng
050 04 - LIBRARY OF CONGRESS CALL NUMBER
Classification number 333.33 $2 18
100 1# - MAIN ENTRY--PERSONAL NAME
Personal name Obu, Koichiro
245 00 - TITLE STATEMENT
Title Japan quarterly 1Q 2009
Medium [electronic resource]
260 ## - PUBLICATION, DISTRIBUTION, ETC.
Place of publication, distribution, etc. London
Name of publisher, distributor, etc. RREEF Research
Date of publication, distribution, etc. 2009
490 #0 - SERIES STATEMENT
Series statement RREEF Research Japan Quarterly
Volume/sequential designation March 2009
520 ## - SUMMARY, ETC.
Summary, etc. Reports that the Japanese economy has been contracting since October 2007, and that the depth of the recession is reaching unprecedented levels. The appreciation of the Japanese yen against other major currencies in late 2008 and early 2009 has caused huge damage to Japan's economy, with GDP falling at an annualised rate of 12.7% in 4Q 2008, the worst fall in 35 years. Also reports on the Tokyo office market. Tables.
521 ## - TARGET AUDIENCE NOTE
Target audience note Advanced
590 ## - LOCAL NOTE (RLIN)
Local note KA
651 #4 - SUBJECT ADDED ENTRY--GEOGRAPHIC NAME
Geographic name Japan
690 ## - LOCAL SUBJECT ADDED ENTRY--TOPICAL TERM (OCLC, RLIN)
Topical term or geographic name as entry element PROPERTY-COMMERCIAL PROPERTY-COMMERCIAL PROPERTY MARKET
700 1# - ADDED ENTRY--PERSONAL NAME
Personal name Hobbs, Peter
856 40 - ELECTRONIC LOCATION AND ACCESS
Uniform Resource Identifier <a href="https://www.rreef.com/cps/rde/xchg/ai_en/hs.xsl/3192.html">https://www.rreef.com/cps/rde/xchg/ai_en/hs.xsl/3192.html</a>
Public note View the report free of charge at www.rreef.com...
942 ## - ADDED ENTRY ELEMENTS (KOHA)
Suppress in OPAC 0
Holdings
Withdrawn status Lost status Source of classification or shelving scheme Damaged status Not for loan Home library Current library Shelving location Date acquired Total Checkouts Full call number Barcode Date last seen Copy number Price effective from Koha item type
    Dewey Decimal Classification     Virtual Virtual Online 27/03/2009   ONLINE PUBLICATION 147075-2001 06/08/2019 1 06/08/2019 Book